Liderazgo virtuoso : construir el presente y preparar el futuro /

Bibliographic Details
Other Authors: Azzaro, Pierluca, 1970- (Editor), Chica Arellano, Fernando (Editor)
Format: Electronic eBook
Language:Spanish
Italian
English
Published: Madrid : Universidad Francisco de Vitoria, UFV Madrid, Editorial, 2020.
Edition:Primera edición.
Series:Colección Razón abierta. Serie Estudios.
Subjects:
Online Access:Digitalia Hispánica

MARC

LEADER 00000nam a2200000Ii 4500
001 DIGEDUFV0039
003 NyNyDIG
006 m o d
007 cr |||||||||||
008 220430s2020 sp ob 000 0 spa d
035 |a (OCoLC)1319853798 
040 |a DGITA  |b eng  |e rda  |e pn  |c DGITA 
020 |a 9788418360589  |q eBook  |q pdf 
020 |z 9788418360572  |q edición papel 
041 0 |a spa  |a ita  |a eng 
050 1 4 |a BV4597.53.L43 ebook 
082 0 4 |a 241.641 
245 0 0 |a Liderazgo virtuoso :  |b construir el presente y preparar el futuro /  |c coordinadores, Pierluca Azzaro, Fernando Chica Arellano. 
250 |a Primera edición. 
264 1 |a Madrid :  |b Universidad Francisco de Vitoria, UFV Madrid, Editorial,  |c 2020. 
300 |a 1 online resource. 
336 |a text  |b txt  |2 rdacontent 
337 |a computer  |b c  |2 rdamedia 
338 |a online resource  |b cr  |2 rdacarrier 
347 |a text file  |2 rdaft 
347 |b PDF 
490 1 |a Colección Razón abierta. Serie Estudios 
504 |a Includes bibliographical references. 
546 |a Texts in Spanish, Italian and English. 
588 0 |a Online resource; title from PDF title page (Digitalia, viewed April 30, 2022) 
650 0 |a Leadership  |x Moral and ethical aspects. 
650 0 |a Civilization  |y 16th century  |x Religious aspects. 
650 0 |a Christianity and religious humanism. 
655 0 |a Electronic books. 
700 1 |a Azzaro, Pierluca,  |d 1970-  |e editor. 
700 1 |a Chica Arellano, Fernando,  |e editor. 
791 2 |a Digitalia (Firm),  |e distributor. 
793 0 |g Digitalia eBook Collection:  |a Editorial Universidad Francisco de Vitoria 
776 0 8 |i Print version:  |t Liderazgo virtuoso.  |b Primera edición.  |d Madrid : Universidad Francisco de Vitoria, UFV Madrid, Editorial, 2020  |z 9788418360572 
830 0 |a Colección Razón abierta.  |p Serie Estudios. 
856 4 0 |3 Digitalia Hispánica  |u https://www.digitaliapublishing.com/a/104113/ 
910 |a Premium collection: 2022